Plumb-Plomo

Salvato in:
Dettagli Bibliografici
Autore principale: Bacovia, George
Natura: Libro
Lingua:Undetermined
Pubblicazione: Bucarest, Rumania Minerva 1974
Soggetti:
Tags: Aggiungi Tag
Nessun Tag, puoi essere il primo ad aggiungerne!!

MARC

LEADER 00000nam a2200000Ia 4500
008 170316s9999 xx 000 0 und d
040 |a cru BVZT 
090 |a 859 B-1p 
100 |a Bacovia, George 
245 |a Plumb-Plomo 
260 |a Bucarest, Rumania 
260 |b Minerva 
260 |c 1974 
300 |a 223 páginas 
650 |a LITERATURA RUMANA 
999 |c 8236  |d 8236 
942 |c 15 D  |h 859 B-1p  |2 z